Anatomía de la organización /

Guardado en:
Autor Principal: Lazzati, Santiago
Formato: Libro
Publicado: Buenos Aires : Macchi, 1998
Materias:
Etiquetas: Agregar Etiqueta
Sin Etiquetas, Sea el primero en etiquetar este registro!
LEADER 00797nam a22001935a 4500
001 CEM.cems010703
005 20080407133005.0
008 130507s1998##################000#0#####d
003 CEMS
020 |a 9505373805 
082 0 4 |a 658.16 
100 1 |a Lazzati, Santiago 
245 1 0 |a Anatomía de la organización /  |c Santiago Lazzati 
260 |a Buenos Aires :  |b Macchi,  |c 1998 
300 |a 250 p. 
505 0 |a La organización, su entorno y su evolución en el tiempo -- El management -- Los procesos gerenciales -- Roles del gerente -- El negocio -- Perspectivas de la organización -- Management del cambio organizacional 
653 |a Administración de empresas 
859 |a CEMS  |b BIB. CEMS - 11 de abril  |h 658.16  |i L459  |p 21350.01  |t Ej.1 
859 |a CEMS  |b BIB. CEMS - 11 de abril  |h 658.16  |i L459  |p 21396.01  |t Ej.2